• 首页
  • 本馆介绍
  • 公告通知
  • 最新文献
  • 馆藏检索
  • 电子资源
  • 读者导购
  • 参考咨询
  • 我的图书馆
  • 登录
  • 详细信息显示
  • 放入我的书架
  • 预约/预借图书
  • 作者相关作品
  • 分类相关作品
  • 丛书相关作品
  • 出版社相关作品

书目信息

  • 表格格式
  • 工作单格式
  • 卡片格式
题名:
中国古典诗词精品赏读
    
 
作者: 陈才智 编著
分册:   白居易
出版信息: 北京   五洲传播出版社  2005
页数: 122页
开本: 23cm
丛书名:
单 册:
中图分类: I207.2 , I207.227.424
科图分类:
主题词: 古典诗歌--鉴赏--中国 , 唐诗 , 古典诗歌
电子资源:
ISBN: 7-5085-0793-2
000 00984nam0 2200277 450
001 003038334
005 20070803111633.71
010    @a7-5085-0793-2@dCNY28.00
100    @a20050119d2005 em y0chiy0110 ea
101 0  @achi
102    @aCN@b110000
105    @aa z 000yy
200 1  @a中国古典诗词精品赏读@9zhong guo gu dian shi ci jing pin shang du@i白居易@f陈才智编著
210    @a北京@c五洲传播出版社@d2005@h2006
215    @a122页@c图@d23cm
330    @a本书包括诗人小传与作品赏析两部分,收入唐代诗人白居易的作品,每首作品分为题解、句解、评解三个章节,并配以当代画家根据诗词意境绘制的中国画,通过这些诗、画,可以更深刻地领悟到中国古代艺术作品中的诗情画意。
600  0 @a白居易@f(772~846)
600  0 @a白居易@f(772~846)@x唐诗@x鉴赏
606 0  @a古典诗歌@x鉴赏@y中国
606 0  @a唐诗
606 0  @a古典诗歌
690    @aI207.2@v4
690    @aI207.227.424@v4
701  0 @a陈才智@9chen cai zhi@4编著
801  0 @aCN@bNLC@c20070803
905    @a10447@dI207.2@e764
    
    中国古典诗词精品赏读.白居易/陈才智编著.-北京:五洲传播出版社,2005(2006)
    122页:图;23cm
    
    
    ISBN 7-5085-0793-2:CNY28.00
    本书包括诗人小传与作品赏析两部分,收入唐代诗人白居易的作品,每首作品分为题解、句解、评解三个章节,并配以当代画家根据诗词意境绘制的中国画,通过这些诗、画,可以更深刻地领悟到中国古代艺术作品中的诗情画意。
●
相关链接 在E读中查询图书 在五车中查询图书 在当当中查询图书 在豆瓣中查询图书


正题名:中国古典诗词精品赏读     索取号:I207.2/764         预约/预借

序号 登录号 条形码 馆藏地/架位号 状态 备注
1 0801362   208013629   第一样本阅览室/ [索取号:I207.2/764] 在馆    
2 0801363   208013638   第二借阅区/ [索取号:I207.2/764] 在馆    
3 0801364   208013647   第二借阅区/ [索取号:I207.2/764] 在馆    
4 0801572   208015725   第二借阅区/ [索取号:I207.2/764] 在馆    
5 0801573   208015734   第二借阅区/ [索取号:I207.2/764] 在馆    
6 0801574   208015743   第二借阅区/ [索取号:I207.2/764] 在馆    
7 0801575   208015752   第二借阅区/ [索取号:I207.2/764] 在馆    
8 0801576   208015761   第二借阅区/ [索取号:I207.2/764] 在馆    
9 0801577   208015770   第二借阅区/ [索取号:I207.2/764] 在馆    
10 0801578   208015789   第二借阅区/ [索取号:I207.2/764] 在馆    
唐山师范学院图书馆 欢迎您!
大连网信软件有限公司© 版权所有